[Event "Ruhrgebiet Verbandsklasse Gruppe 2 1819"]
[Site "Nordrheinwestfalen"]
[Date "2019.02.03"]
[Round "6.4"]
[White "Loeffelbein, Klaus"]
[Black "Wiechen, Ulrich"]
[Result "1/2-1/2"]
[WhiteElo "1826"]
[BlackElo "1919"]
[PlyCount "68"]
[EventDate "2018.09.23"]
[EventType "team-tourn"]
[EventRounds "9"]
[EventCountry "GER"]
[SourceTitle "EXT 2022"]
[Source "ChessBase"]
[SourceDate "2021.10.06"]
[SourceVersion "1"]
[SourceVersionDate "2021.10.06"]
[SourceQuality "1"]
[WhiteTeam "Gerthe Werne"]
[BlackTeam "Buer Hassel"]
[WhiteTeamCountry "GER"]
[BlackTeamCountry "GER"]

1. d4 d5 2. c4 dxc4 3. Nf3 Nf6 4. e3 Bg4 5. Bxc4 e6 6. 0-0 c5 7. Qa4+ Nbd7 8. Ne5 Bd6 9. Bb5 Bf5 10. Nxd7 Nxd7 11. dxc5 Bxc5 12. e4 Bg4 13. e5 h5 14. h3 Rc8 15. Bxd7+ Qxd7 16. Qxd7+ Kxd7 17. hxg4 hxg4 18. Be3 Rh5 19. Bxc5 Rch8 20. Rd1+ Kc6 21. Kf1 Rh1+ 22. Ke2 Rxd1 23. Kxd1 Kxc5 24. Nd2 Kd5 25. Rc1 Rh1+ 26. Kc2 Rh2 27. Rg1 Kxe5 28. Nc4+ Kf4 29. Kd3 f5 30. Ke2 g3 31. Nd6 Rh8 32. Rc1 Rh2 33. Rg1 Rh8 34. Rc1 Rh2 1/2-1/2

[Event "Ruhrgebiet Verbandsklasse Gruppe 2 1819"]
[Site "Nordrheinwestfalen"]
[Date "2018.11.04"]
[Round "3.4"]
[White "Laarmann, Gerd"]
[Black "Wiechen, Ulrich"]
[Result "1/2-1/2"]
[WhiteElo "1799"]
[BlackElo "1929"]
[PlyCount "39"]
[EventDate "2018.09.23"]
[EventType "team-tourn"]
[EventRounds "9"]
[EventCountry "GER"]
[SourceTitle "EXT 2022"]
[Source "ChessBase"]
[SourceDate "2021.10.06"]
[SourceVersion "1"]
[SourceVersionDate "2021.10.06"]
[SourceQuality "1"]
[WhiteTeam "Steele/Kray Rochade"]
[BlackTeam "Buer Hassel"]
[WhiteTeamCountry "GER"]
[BlackTeamCountry "GER"]

1. d4 d5 2. Nf3 Nf6 3. e3 Bg4 4. Nbd2 e6 5. Bd3 c5 6. c3 c4 7. Bc2 Bd6 8. e4 dxe4 9. Nxe4 Nc6 10. Bg5 Be7 11. h3 Bh5 12. Ng3 Bg6 13. 0-0 Qa5 14. Qd2 Bxc2 15. Qxc2 Rc8 16. Rfe1 0-0 17. Ne5 Nxe5 18. dxe5 Nd5 19. Bxe7 Nxe7 20. Re4 1/2-1/2

[Event "Ruhrgebiet Verbandsklasse Gruppe 2 1819"]
[Site "Nordrheinwestfalen"]
[Date "2018.10.07"]
[Round "2.4"]
[White "Wiechen, Ulrich"]
[Black "Mikulski, Georg"]
[Result "1-0"]
[WhiteElo "1929"]
[BlackElo "1903"]
[PlyCount "69"]
[EventDate "2018.09.23"]
[EventType "team-tourn"]
[EventRounds "9"]
[EventCountry "GER"]
[SourceTitle "EXT 2022"]
[Source "ChessBase"]
[SourceDate "2021.10.06"]
[SourceVersion "1"]
[SourceVersionDate "2021.10.06"]
[SourceQuality "1"]
[WhiteTeam "Buer Hassel"]
[BlackTeam "Unser Fritz"]
[WhiteTeamCountry "GER"]
[BlackTeamCountry "GER"]

1. e4 e5 2. Nf3 Nc6 3. Bc4 Nf6 4. d3 Be7 5. Nc3 d6 6. Be3 Be6 7. Nd5 Na5 8. Nxf6+ Bxf6 9. Bxe6 fxe6 10. c3 Qd7 11. b4 Nc6 12. Qa4 0-0 13. 0-0 a6 14. Qc2 Ne7 15. a4 Ng6 16. g3 Be7 17. Qe2 Bf6 18. Rfc1 Rac8 19. c4 c6 20. Ra2 Bd8 21. Rb1 Qf7 22. Kg2 Qd7 23. h4 h6 24. Nh2 Qf7 25. h5 Nh8 26. c5 d5 27. Ng4 Qc7 28. d4 Nf7 29. f4 exf4 30. Bxf4 Qe7 31. Rf1 Bc7 32. exd5 Bxf4 33. dxe6 Ng5 34. gxf4 Nxe6 35. f5 1-0

[Event "Ruhrgebiet Verbandsklasse Gruppe 3 1415"]
[Site "Germany"]
[Date "2015.03.29"]
[Round "8.2"]
[White "Wloczek, Josef"]
[Black "Wiechen, Ulrich"]
[Result "1-0"]
[WhiteElo "1922"]
[BlackElo "1953"]
[PlyCount "89"]
[EventDate "2014.09.21"]
[EventType "team-tourn"]
[EventRounds "9"]
[EventCountry "GER"]
[SourceTitle "EXT 2022"]
[Source "ChessBase"]
[SourceDate "2021.10.06"]
[SourceVersion "1"]
[SourceVersionDate "2021.10.06"]
[SourceQuality "1"]
[WhiteTeam "Annen Sport Union"]
[BlackTeam "Buer Hassel"]
[WhiteTeamCountry "GER"]
[BlackTeamCountry "GER"]

1. e4 e5 2. Nc3 Nf6 3. g3 Bc5 4. Bg2 d6 5. Nge2 Be6 6. Na4 Qd7 7. Nxc5 dxc5 8. h3 Nc6 9. f4 0-0-0 10. f5 Bc4 11. d3 Ba6 12. b3 b6 13. 0-0 Nd4 14. Bg5 Qc6 15. a4 Rd6 16. Nc3 Nxc2 17. Qxc2 Bxd3 18. Qf2 Bxf1 19. Qxf1 Qb7 20. Nb5 Rd7 21. a5 a6 22. Nc3 b5 23. Bxf6 gxf6 24. Nd5 Rd6 25. Rc1 Kb8 26. Rxc5 c6 27. Nb4 Rhd8 28. Kh2 Rd1 29. Qf2 R8d6 30. Qc2 Qa7 31. h4 Kb7 32. Kh3 R1d2 33. Qc3 h5 34. Rxc6 Qb8 35. Qc5 Qd8 36. Bf3 R2d4 37. Rxd6 Qxd6 38. Qxd6 Rxd6 39. Nd5 b4 40. Bxh5 Kc6 41. Bxf7 Kb5 42. h5 Kxa5 43. h6 Rd8 44. Nxf6 Rf8 45. h7 1-0

[Event "Ruhrgebiet Verbandsklasse Gruppe 3 1415"]
[Site "Germany"]
[Date "2015.03.01"]
[Round "7.2"]
[White "Wiechen, Ulrich"]
[Black "Michalicek, Roland"]
[Result "1-0"]
[WhiteElo "1953"]
[BlackElo "1808"]
[PlyCount "69"]
[EventDate "2014.09.21"]
[EventType "team-tourn"]
[EventRounds "9"]
[EventCountry "GER"]
[SourceTitle "EXT 2022"]
[Source "ChessBase"]
[SourceDate "2021.10.06"]
[SourceVersion "1"]
[SourceVersionDate "2021.10.06"]
[SourceQuality "1"]
[WhiteTeam "Buer Hassel"]
[BlackTeam "Haltern"]
[WhiteTeamCountry "GER"]
[BlackTeamCountry "GER"]

1. e4 e5 2. Nf3 Nf6 3. Nc3 Bb4 4. Bc4 Nc6 5. d3 d5 6. exd5 Nxd5 7. 0-0 Nxc3 8. bxc3 Bxc3 9. Ng5 f6 10. Nf7 Qe7 11. Nxh8 Bxa1 12. Bf7+ Kd8 13. Qh5 Bc3 14. Qxh7 Qf8 15. Bc4 Bf5 16. Qxf5 Qxh8 17. Bb5 a6 18. Bxc6 bxc6 19. Qe6 Qe8 20. Qc4 Ba5 21. Ba3 Kd7 22. Qg4+ Qe6 23. Qxg7+ Kc8 24. Rb1 Bb6 25. c4 Kb7 26. c5 Qxa2 27. Rxb6+ Kc8 28. h4 cxb6 29. cxb6 Qb1+ 30. Kh2 Qxb6 31. Qxf6 Qb5 32. Bd6 Qb6 33. Qe6+ Kd8 34. Qe7+ Kc8 35. Qe8+ 1-0

[Event "Ruhrgebiet VK1 1213"]
[Site "Nordrheinwestfalen"]
[Date "2012.09.30"]
[Round "2"]
[White "Neugebauer, Thomas"]
[Black "Wiechen, Ulrich"]
[Result "1-0"]
[WhiteElo "1893"]
[BlackElo "1888"]
[PlyCount "101"]
[EventDate "2012.09.02"]
[EventType "team-tourn"]
[EventRounds "9"]
[EventCountry "GER"]
[SourceTitle "EXT 2020"]
[Source "ChessBase"]
[SourceDate "2019.10.17"]
[SourceVersion "1"]
[SourceVersionDate "2019.10.17"]
[SourceQuality "1"]
[WhiteTeam "Altenessen"]
[BlackTeam "Buer Hassel"]
[WhiteTeamCountry "GER"]
[BlackTeamCountry "GER"]

1. e4 e5 2. Nf3 Nc6 3. Bb5 a6 4. Ba4 d6 5. c3 f5 6. d3 Be7 7. Qe2 Nf6 8. Nbd2 0-0 9. 0-0 fxe4 10. dxe4 Kh8 11. h3 Nh5 12. Nb1 Qe8 13. Nh2 Qg6 14. Ng4 Nf4 15. Bxf4 Rxf4 16. f3 Bh4 17. Kh2 h5 18. g3 hxg4 19. gxf4 g3+ 20. Kg2 exf4 21. Bxc6 bxc6 22. Na3 Be7 23. Rh1 a5 24. Rad1 Ba6 25. Qd2 Qf7 26. Nc2 Rb8 27. b3 a4 28. Nb4 Bb7 29. bxa4 Ra8 30. Qc2 Bf6 31. h4 Qc4 32. Rd3 c5 33. Nd5 Rxa4 34. Ra1 Bxd5 35. exd5 Ra3 36. h5 Qa6 37. h6 gxh6 38. Rd2 Kg7 39. Qf5 Qa8 40. Qg4+ Kh8 41. Rh1 Bg7 42. Qxf4 Rxa2 43. Rxh6+ Kg8 44. Rg6 Qxd5 45. Rxa2 Qxa2+ 46. Kxg3 Qb1 47. Qf6 Qe1+ 48. Kg4 Qg1+ 49. Kf5 Qb1+ 50. Ke6 Qb3+ 51. Ke7 1-0

[Event "Ruhrgebiet VL1 0910"]
[Site "Germany"]
[Date "2010.03.21"]
[Round "8.1"]
[White "Wiechen, Ulrich"]
[Black "Kummerow, Heiko"]
[Result "1-0"]
[WhiteElo "2152"]
[BlackElo "2348"]
[PlyCount "23"]
[EventDate "2009.09.06"]
[EventType "team-tourn"]
[EventRounds "9"]
[EventCountry "GER"]
[SourceTitle "EXT 2011"]
[Source "ChessBase"]
[SourceDate "2010.11.26"]
[SourceVersion "1"]
[SourceVersionDate "2010.11.26"]
[SourceQuality "1"]
[WhiteTeam "Buer"]
[BlackTeam "Laeufer Ost"]
[WhiteTeamCountry "GER"]
[BlackTeamCountry "GER"]

1. e4 e6 2. d4 d5 3. Nc3 Bb4 4. e5 c5 5. a3 Bxc3+ 6. bxc3 Ne7 7. Nf3 Bd7 8. Be2 Ba4 9. 0-0 Qc7 10. Bg5 cxd4 11. cxd4 Qxc2 12. Bb5+ 1-0

[Event "Ruhrgebiet VK3 0708"]
[Site "Germany"]
[Date "2008.04.06"]
[Round "8.1"]
[White "Wiechen, Ulrich"]
[Black "Bosau, Jens"]
[Result "1-0"]
[WhiteElo "2171"]
[BlackElo "1806"]
[PlyCount "61"]
[EventDate "2007.09.16"]
[EventType "team"]
[EventRounds "9"]
[EventCountry "GER"]
[SourceTitle "EXT 2009"]
[Source "ChessBase"]
[SourceDate "2008.11.26"]
[SourceVersion "1"]
[SourceVersionDate "2008.11.26"]
[SourceQuality "1"]
[WhiteTeam "Buer"]
[BlackTeam "RE Sued"]
[WhiteTeamCountry "GER"]
[BlackTeamCountry "GER"]

1. e4 g6 2. d4 Bg7 3. Nc3 d6 4. Be3 c6 5. Qd2 h5 6. f4 Nh6 7. h3 d5 8. e5 e6 9. Nf3 Nd7 10. Bd3 Nf5 11. Bf2 Bf8 12. 0-0-0 a6 13. g4 Ng7 14. Ne2 b5 15. Nh4 Nb6 16. Rdf1 Nc4 17. Bxc4 bxc4 18. Be1 Rb8 19. a3 Qb6 20. Qc3 Be7 21. Ng2 Bd7 22. Bh4 Rb7 23. Bf6 Rh7 24. Ne3 Qd8 25. Bxe7 Kxe7 26. Ng3 Qb6 27. f5 hxg4 28. f6+ Kf8 29. hxg4 Rxh1 30. Rxh1 Kg8 31. Nd1 1-0

[Event "NRW Class1 0607"]
[Site "Germany"]
[Date "2007.03.18"]
[Round "7.4"]
[White "Waldschmidt, Georg"]
[Black "Wiechen, Ulrich"]
[Result "1-0"]
[WhiteElo "2198"]
[BlackElo "2171"]
[PlyCount "55"]
[EventDate "2006.09.17"]
[EventType "team-tourn"]
[EventRounds "9"]
[EventCountry "GER"]
[SourceTitle "EXT 2008"]
[Source "ChessBase"]
[SourceDate "2007.11.25"]
[SourceVersion "1"]
[SourceVersionDate "2007.11.25"]
[SourceQuality "1"]
[WhiteTeam "Sodingen"]
[BlackTeam "Gelsenkirchen"]
[WhiteTeamCountry "GER"]
[BlackTeamCountry "GER"]

1. e4 e5 2. Nf3 Nc6 3. Nc3 g6 4. d4 exd4 5. Nd5 Bg7 6. Bg5 Nce7 7. Nxd4 c6 8. Nc3 Qa5 9. Qd2 d5 10. 0-0-0 Be6 11. f4 h6 12. Bh4 g5 13. Be1 0-0-0 14. f5 dxe4 15. fxe6 Bxd4 16. exf7 Nf6 17. Bc4 Be5 18. Qe2 Rxd1+ 19. Qxd1 Qc5 20. Be6+ Kc7 21. Rf1 Bf4+ 22. Kb1 Qe5 23. Bb3 Bxh2 24. Ne2 Nf5 25. Bc3 Qe7 26. Rxf5 Rd8 27. Qh1 Ng4 28. a3 1-0

[Event "NRW Class1 0607"]
[Site "Germany"]
[Date "2007.02.25"]
[Round "6.5"]
[White "Marquardt, Benedikt"]
[Black "Wiechen, Ulrich"]
[Result "1/2-1/2"]
[WhiteElo "2063"]
[BlackElo "2171"]
[PlyCount "109"]
[EventDate "2006.09.17"]
[EventType "team-tourn"]
[EventRounds "9"]
[EventCountry "GER"]
[SourceTitle "EXT 2008"]
[Source "ChessBase"]
[SourceDate "2007.11.25"]
[SourceVersion "1"]
[SourceVersionDate "2007.11.25"]
[SourceQuality "1"]
[WhiteTeam "Solingen III"]
[BlackTeam "Gelsenkirchen"]
[WhiteTeamCountry "GER"]
[BlackTeamCountry "GER"]

1. d4 d5 2. c4 dxc4 3. e4 e5 4. Nf3 exd4 5. Bxc4 Bb4+ 6. Bd2 Bxd2+ 7. Nbxd2 Nc6 8. Nb3 Bg4 9. Bb5 Bxf3 10. Bxc6+ bxc6 11. Qxf3 Rb8 12. 0-0-0 Rb4 13. Qg3 c5 14. Qxg7 Qf6 15. Qxf6 Nxf6 16. Rd2 Nd7 17. Rc2 d3 18. Rc3 c4 19. Nd2 Nb6 20. b3 cxb3 21. axb3 0-0 22. Rxd3 a5 23. Kc2 a4 24. Ra1 Rb8 25. Rc3 Rd8 26. Rxc7 Rbd4 27. Nc4 axb3+ 28. Kxb3 Nxc4 29. Rxc4 Rd2 30. Rf1 Re2 31. g4 Rd3+ 32. Kb4 Rf3 33. Kc5 Kg7 34. h4 h6 35. Kd5 Kg6 36. Rc6+ f6 37. Rc4 Rd2+ 38. Rd4 Ra2 39. Rc4 Rd3+ 40. Kc5 Rf3 41. Rd1 Rfxf2 42. Rd5 Rf4 43. h5+ Kf7 44. Rd7+ Ke6 45. Rh7 Rxg4 46. Kd4 Rd2+ 47. Ke3 Rd6 48. Rxh6 Ra6 49. Rh7 Ra3+ 50. Kd4 Ra6 51. h6 f5 52. Ke3 Ra3+ 53. Kf2 Rf4+ 54. Ke2 Rxe4+ 55. Rxe4+ 1/2-1/2

[Event "NRW Class1 0607"]
[Site "Germany"]
[Date "2006.10.29"]
[Round "2.7"]
[White "Richter, Goetz"]
[Black "Wiechen, Ulrich"]
[Result "1/2-1/2"]
[WhiteElo "2079"]
[BlackElo "2171"]
[PlyCount "82"]
[EventDate "2006.09.17"]
[EventType "team-tourn"]
[EventRounds "9"]
[EventCountry "GER"]
[SourceTitle "EXT 2007"]
[Source "ChessBase"]
[SourceDate "2006.11.23"]
[SourceVersion "1"]
[SourceVersionDate "2006.11.23"]
[SourceQuality "1"]
[WhiteTeam "Koeln SF II"]
[BlackTeam "Gelsenkirchen"]
[WhiteTeamCountry "GER"]
[BlackTeamCountry "GER"]

1. e4 e5 2. Nf3 Nc6 3. d4 exd4 4. Nxd4 Bc5 5. Nxc6 Qf6 6. Qd2 dxc6 7. Bd3 Be6 8. Qf4 0-0-0 9. Qxf6 Nxf6 10. Bg5 Rde8 11. Nd2 Ng4 12. Bh4 f5 13. 0-0 f4 14. g3 fxg3 15. Bxg3 h5 16. Nf3 Rhf8 17. Kg2 Be7 18. h3 Nh6 19. Nd4 Bd7 20. f3 g5 21. Bc4 Bd6 22. Rae1 Bxg3 23. Kxg3 c5 24. Nb3 Re5 25. Nd2 Nf7 26. f4 gxf4+ 27. Rxf4 Be6 28. Kh4 Rd8 29. Bxe6+ Rxe6 30. Nf3 Re7 31. Rf5 b6 32. Rxh5 Nd6 33. e5 Nc4 34. b3 Nd2 35. Kg4 Rg7+ 36. Ng5 c4 37. h4 Rgg8 38. Rh7 Rd4+ 39. Kg3 c3 40. Rf7 Ne4+ 41. Kf3 Nd2+ 1/2-1/2

[Event "Oberliga NRW 0506"]
[Site "Germany"]
[Date "2006.02.12"]
[Round "6.8"]
[White "Grobbel, Rainer"]
[Black "Wiechen, Ulrich"]
[Result "1-0"]
[WhiteElo "2063"]
[BlackElo "2197"]
[PlyCount "80"]
[EventDate "2005.09.25"]
[EventType "team-tourn"]
[EventRounds "9"]
[EventCountry "GER"]
[SourceTitle "EXT 2007"]
[Source "ChessBase"]
[SourceDate "2006.11.23"]
[SourceVersion "1"]
[SourceVersionDate "2006.11.23"]
[SourceQuality "1"]
[WhiteTeam "Lippstadt Turm"]
[BlackTeam "Gelsenkirchen Hassel"]
[WhiteTeamCountry "GER"]
[BlackTeamCountry "GER"]

1. d4 d5 2. c4 dxc4 3. e3 Nf6 4. Bxc4 a6 5. Nf3 b5 6. Bd3 Bb7 7. a3 Nbd7 8. b4 e6 9. Bb2 Bd6 10. 0-0 Qe7 11. Nbd2 Rd8 12. Qc2 h5 13. e4 e5 14. Rad1 Ng4 15. h3 exd4 16. Nxd4 Bh2+ 17. Kh1 Be5 18. N2f3 Qf6 19. Nxe5 Ndxe5 20. Nf3 Qf4 21. Bc1 Qf6 22. Bg5 Nxd3 23. Bxf6 Ndxf2+ 24. Kg1 Rxd1 25. Rxd1 Nxd1 26. Qxd1 Nxf6 27. Qc2 Bxe4 28. Qxc7 0-0 29. Ng5 Bd5 30. Nf3 Re8 31. Qd6 Bxf3 32. gxf3 Re6 33. Qc5 g6 34. f4 Ne4 35. Qd4 Ng3 36. Kf2 Nf5 37. Qc5 Rd6 38. Kf3 Re6 39. Qc7 Rd6 40. a4 bxa4 1-0

[Event "Oberliga NRW 0506"]
[Site "Germany"]
[Date "2005.12.04"]
[Round "4.5"]
[White "Wiechen, Ulrich"]
[Black "Kruse, Herbert"]
[Result "0-1"]
[WhiteElo "2197"]
[BlackElo "2245"]
[PlyCount "64"]
[EventDate "2005.09.25"]
[EventType "team-tourn"]
[EventRounds "9"]
[EventCountry "GER"]
[SourceTitle "EXT 2007"]
[Source "ChessBase"]
[SourceDate "2006.11.23"]
[SourceVersion "1"]
[SourceVersionDate "2006.11.23"]
[SourceQuality "1"]
[WhiteTeam "Gelsenkirchen Hassel"]
[BlackTeam "Bielefeld"]
[WhiteTeamCountry "GER"]
[BlackTeamCountry "GER"]

1. e4 c5 2. Nf3 Nc6 3. d4 cxd4 4. Nxd4 e5 5. Nb5 d6 6. N1c3 a6 7. Na3 b5 8. Nd5 Nf6 9. Bg5 Be7 10. Nxe7 Nxe7 11. Qf3 Bg4 12. Qg3 Be6 13. Bd3 b4 14. Bxf6 gxf6 15. Nc4 d5 16. exd5 Nxd5 17. Qg7 Ke7 18. 0-0-0 Qc7 19. Rhe1 Rag8 20. Qh6 Rxg2 21. Be4 Rxf2 22. Bxd5 Bxd5 23. Rxd5 Rxc2+ 24. Kb1 Rxc4 25. Red1 Rc8 26. Qd2 Ke8 27. Rd7 Rc1+ 28. Rxc1 Qxc1+ 29. Qxc1 Rxc1+ 30. Kxc1 Kxd7 31. Kc2 e4 32. Kb3 e3 0-1

[Event "Oberliga NRW 0405"]
[Site "Germany"]
[Date "2005.04.03"]
[Round "8.8"]
[White "Bolwerk, Peter"]
[Black "Wiechen, Ulrich"]
[Result "1/2-1/2"]
[WhiteElo "2276"]
[BlackElo "2202"]
[PlyCount "86"]
[EventDate "2004.10.10"]
[EventType "team-tourn"]
[EventRounds "9"]
[EventCountry "GER"]
[SourceTitle "EXT 2006"]
[Source "ChessBase"]
[SourceDate "2005.11.24"]
[SourceVersion "1"]
[SourceVersionDate "2005.11.24"]
[SourceQuality "1"]
[WhiteTeam "Gescher"]
[BlackTeam "Gelsenkirchen"]
[WhiteTeamCountry "GER"]
[BlackTeamCountry "GER"]

1. e4 e5 2. Nf3 Nc6 3. Bc4 Nf6 4. d3 Bc5 5. 0-0 d6 6. c3 Qe7 7. Nbd2 a5 8. Bb3 Bg4 9. Re1 0-0-0 10. a3 Nh5 11. Bd5 Nf4 12. Nf1 Qf6 13. Bxf4 Qxf4 14. b4 axb4 15. axb4 Bb6 16. Qa4 Kd7 17. N1d2 Bxf3 18. Nxf3 g5 19. Qc2 Rb8 20. Qe2 Ne7 21. Bb3 h5 22. Nd2 c6 23. Nc4 Bc7 24. Ne3 g4 25. Rf1 Bb6 26. Nc4 Bc7 27. Ne3 Bb6 28. Kh1 Ra8 29. g3 Qf6 30. Rxa8 Rxa8 31. Nc4 Bc7 32. f3 gxf3 33. Rxf3 Qg5 34. Qf1 b5 35. Ne3 Bb6 36. h4 Qh6 37. Nf5 Nxf5 38. Rxf5 Qe3 39. Rxf7+ Kc8 40. Rf8+ Bd8 41. Qf5+ Kb7 42. Qf7+ Bc7 43. Rxa8 Kxa8 1/2-1/2

[Event "Oberliga NRW 0405"]
[Site "Germany"]
[Date "2004.10.31"]
[Round "2.7"]
[White "Werner, Knud"]
[Black "Wiechen, Ulrich"]
[Result "1-0"]
[WhiteElo "2255"]
[BlackElo "2202"]
[PlyCount "63"]
[EventDate "2004.10.10"]
[EventType "team-tourn"]
[EventRounds "9"]
[EventCountry "GER"]
[SourceTitle "EXT 2006"]
[Source "ChessBase"]
[SourceDate "2005.11.24"]
[SourceVersion "1"]
[SourceVersionDate "2005.11.24"]
[SourceQuality "1"]
[WhiteTeam "Duisburg/Hochheide"]
[BlackTeam "Gelsenkirchen"]
[WhiteTeamCountry "GER"]
[BlackTeamCountry "GER"]

1. d4 Nf6 2. Nf3 b6 3. g3 Bb7 4. Bg2 e6 5. 0-0 Be7 6. c4 c5 7. d5 exd5 8. Nh4 g6 9. cxd5 d6 10. Nc3 Nbd7 11. e4 a6 12. a4 Qc7 13. Bh6 0-0-0 14. Rc1 Ne5 15. f4 Neg4 16. Bh3 Qd7 17. e5 Nxh6 18. Bxd7+ Nxd7 19. Nf3 Nf5 20. Qe2 Kb8 21. Rfd1 Rhe8 22. Ne4 h5 23. b4 cxb4 24. Rc6 dxe5 25. fxe5 Nc5 26. Rxb6 Nxe4 27. Rxb7+ Kxb7 28. Qxe4 Bc5+ 29. Kh1 Rd7 30. d6+ Kb6 31. a5+ Ka7 32. Qc6 1-0

[Event "NRW Class2 0304"]
[Site "Germany"]
[Date "2004.02.29"]
[Round "7.8"]
[White "Metz, Richard"]
[Black "Wiechen, Ulrich"]
[Result "0-1"]
[WhiteElo "1944"]
[BlackElo "2199"]
[PlyCount "78"]
[EventDate "2003.09.28"]
[EventType "team"]
[EventRounds "9"]
[EventCountry "GER"]
[SourceTitle "CBM 098 Extra"]
[Source "ChessBase"]
[SourceDate "2004.03.10"]
[SourceVersion "2"]
[SourceVersionDate "2004.03.10"]
[SourceQuality "1"]
[WhiteTeam "Duesseldorf"]
[BlackTeam "Gelsenkirchen Hassel"]
[WhiteTeamCountry "GER"]
[BlackTeamCountry "GER"]

1. d4 d5 2. Nf3 Nf6 3. Bf4 c6 4. Nbd2 Qb6 5. Rb1 Bf5 6. e3 Nbd7 7. Nh4 Be6 8. Bd3 g6 9. 0-0 Nh5 10. Bg3 Bg7 11. b4 Nxg3 12. hxg3 Nf6 13. c4 dxc4 14. Nxc4 Bxc4 15. Bxc4 0-0 16. Nf3 Ne4 17. Qc2 Nd6 18. a4 a5 19. b5 cxb5 20. Bxb5 Rac8 21. Qb3 Rc7 22. Ne5 Rd8 23. Rfd1 e6 24. Qd3 Qa7 25. Rbc1 Qb8 26. f4 Qc8 27. Rxc7 Qxc7 28. Qb1 Nf5 29. Rc1 Qe7 30. Kf2 Bxe5 31. dxe5 Qa3 32. Re1 Rd2+ 33. Kf3 h5 34. Qc1 Qa2 35. Re2 Qd5+ 36. Kf2 Rd1 37. Qc4 h4 38. g4 Ng3 39. Qxd5 Rf1# 0-1

[Event "NRW Class2 0304"]
[Site "Germany"]
[Date "2004.01.11"]
[Round "5.8"]
[White "Kloke, Stephan"]
[Black "Wiechen, Ulrich"]
[Result "0-1"]
[WhiteElo "2147"]
[BlackElo "2199"]
[PlyCount "38"]
[EventDate "2003.09.28"]
[EventType "team"]
[EventRounds "9"]
[EventCountry "GER"]
[SourceTitle "CBM 098 Extra"]
[Source "ChessBase"]
[SourceDate "2004.03.10"]
[SourceVersion "2"]
[SourceVersionDate "2004.03.10"]
[SourceQuality "1"]
[WhiteTeam "Koeln Porz III"]
[BlackTeam "Gelsenkirchen Hassel"]
[WhiteTeamCountry "GER"]
[BlackTeamCountry "GER"]

1. e4 e5 2. Nf3 Nc6 3. Nc3 g6 4. d4 exd4 5. Nxd4 Bg7 6. Nxc6 bxc6 7. Bc4 d6 8. 0-0 Be6 9. Bxe6 fxe6 10. f4 Rb8 11. f5 Nf6 12. fxe6 Qe7 13. Qd4 Qxe6 14. Qxa7 0-0 15. Qa4 c5 16. Qc6 Qc4 17. Bg5 Rxb2 18. Bxf6 Bxf6 19. Nd5 Bd4+ 0-1

[Event "Oberliga NRW 0203 II"]
[Site "Germany"]
[Date "2002.10.06"]
[Round "1.8"]
[White "Wiechen, Ulrich"]
[Black "Fecke, Andreas"]
[Result "0-1"]
[WhiteElo "2013"]
[BlackElo "2244"]
[PlyCount "58"]
[EventDate "2002.10.06"]
[EventType "team"]
[EventRounds "9"]
[EventCountry "GER"]
[SourceTitle "EXT 2004"]
[Source "ChessBase"]
[SourceDate "2003.11.25"]
[SourceVersion "1"]
[SourceVersionDate "2003.11.25"]
[SourceQuality "1"]
[WhiteTeam "Gelsenkirchen"]
[BlackTeam "Lippstadt Turm"]
[WhiteTeamCountry "GER"]
[BlackTeamCountry "GER"]

1. e4 e5 2. Nf3 d6 3. d4 exd4 4. Bc4 Nf6 5. 0-0 Be7 6. Re1 0-0 7. Nxd4 a6 8. Nc3 b5 9. Bd5 Nxd5 10. exd5 Re8 11. Ne4 Bb7 12. Nf5 Nd7 13. Qg4 g6 14. Nxe7+ Rxe7 15. Bg5 f6 16. Nxf6+ Nxf6 17. Qd4 Re5 18. f4 Rxg5 19. fxg5 Nxd5 20. h4 Qd7 21. Re2 Rf8 22. Rae1 c5 23. Qd1 Qf5 24. Rf1 Nf4 25. Re3 Bxg2 26. Rfe1 Nd5 27. Kxg2 Nxe3+ 28. Rxe3 Qf2+ 29. Kh1 Qxe3 0-1

[Event "Ruhrgebiet VL1 0001"]
[Site "Ruhrgebiet"]
[Date "2001.02.18"]
[Round "6"]
[White "Wiechen, Ulrich"]
[Black "Walbaum, Klaus"]
[Result "0-1"]
[WhiteElo "2026"]
[BlackElo "2174"]
[PlyCount "156"]
[EventDate "2000.09.17"]
[EventType "team-tourn"]
[EventRounds "9"]
[EventCountry "GER"]
[SourceTitle "EXT 2023"]
[Source "ChessBase"]
[SourceDate "2022.10.05"]
[SourceVersion "1"]
[SourceVersionDate "2022.10.05"]
[SourceQuality "1"]
[WhiteTeam "Buer Hassel"]
[BlackTeam "Essen Ueberruhr"]
[WhiteTeamCountry "GER"]
[BlackTeamCountry "GER"]

1. e4 c5 2. Nf3 Nc6 3. d4 cxd4 4. Nxd4 g6 5. Nc3 Bg7 6. Be3 Nf6 7. Be2 0-0 8. Qd2 d5 9. exd5 Nxd5 10. Nxc6 bxc6 11. Rd1 Bb7 12. Nxd5 cxd5 13. 0-0 Qc7 14. Bf3 Rfd8 15. Qb4 e6 16. c4 Bf8 17. Qb3 Ba6 18. Rc1 Qa5 19. Be2 d4 20. Bf4 e5 21. Bg5 Rdb8 22. Qf3 e4 23. Qf4 Rxb2 24. Bg4 f5 25. Bf6 Qc5 26. Rfd1 Bg7 27. Qg5 Bxf6 28. Qxf6 Rb6 29. Qxd4 Qxd4 30. Rxd4 fxg4 31. Rxe4 Rc8 32. Rxg4 Rxc4 33. Rgxc4 Bxc4 34. h3 Bf7 35. a3 Rb3 36. Ra1 Rb2 37. f3 Ra2 38. Rc1 Rxa3 39. Kf2 Ra2+ 40. Kg3 Kg7 41. h4 a5 42. Rc7 a4 43. Ra7 Kf6 44. Kf4 Rxg2 45. Rxa4 Rc2 46. Ra6+ Be6 47. Ra5 Rc4+ 48. Kg3 Rd4 49. Ra7 Rd7 50. Ra5 Bd5 51. Kf4 Bb7 52. Rb5 Rc7 53. Rb6+ Kf7 54. Kg3 Bd5 55. Rd6 Rc5 56. Rd7+ Kg8 57. Kf4 Bc6 58. Rd3 Rf5+ 59. Kg4 Bxf3+ 60. Rxf3 Rxf3 61. Kxf3 Kf7 62. Kg4 Kf6 63. Kf4 h6 64. Ke4 Ke6 65. Kf4 Kd5 66. h5 g5+ 67. Kf5 Kd6 68. Kg6 g4 69. Kxh6 g3 70. Kh7 g2 71. h6 g1Q 72. Kh8 Qd4+ 73. Kg8 Qg4+ 74. Kh8 Qc8+ 75. Kg7 Qd7+ 76. Kh8 Qe8+ 77. Kg7 Qe7+ 78. Kg8 Ke6 0-1